000 01656nam a2200325 a 4500
001 BRCA_4953
005 20190320204856.0
008 221010s1662----sp-######v---#000-0#spa-#
041 _aspa
044 _asp
084 _aDOC52
_b.D63
_c1662
245 1 0 _aDocumento firmado por el [Rey Felipe IV]
_cFelipe IV.
260 _aMadrid
_c1662
300 _a[4] fojas
_c30 x 21 cm
500 _aDocumento firmado el 10 de septiembre de 1662
500 _aComunicación dirigida a los Virreyes, Presidentes y Gobernadores a las provincias de Perú y Nueva España, demandando que todos los efectos aplicados para la Armada de Barlovento se envíen a éstos Reynos por cuenta parte para que se vuelva a formar la Armada de nuevo como el Rey lo tenía. Firmado como ´Yo el Rey´
500 _aEl documento tiene el sello oficial en las fojas 1 y 4
500 _a[Real cédula] firmada como ´Yo el Rey´
500 _aEl documento tiene la leyenda DOC. #62
500 _aPapel con marca de agua
500 _aEstado de conservación: Contiene manchas de acidificación, lagunas, roturas, anotaciones de tinta roja, subrayado, injerto en la foja dos y los márgenes estan maltratados
506 0 _aFondo reservado: para su consulta es necesario credencial de usuario y carta de motivos
546 _aTexto en: español de mediados del siglo XVII
600 1 4 _aFelipe
_bIV
_cRey de España
_d1605-1665
_912598
650 1 4 _aMéxico
_94504
651 4 _aEspaña
_vImpreso con rúbricas
_xHistoria
_yCasa de Austria, 1516-1700
_912599
651 4 _aMéxico
_vImpreso con rúbricas
_xHistoria
_yColonia, 1521-1821
_912600
902 _aFDH
942 _2lcc
_cD
999 _c4647
_d4647